| 000 | 00406nam a2200133 a 4500 | ||
|---|---|---|---|
| 001 | 000040052 | ||
| 005 | 20201002033905.0 | ||
| 008 | 130805s1975 ho 000 0 spa d | ||
| 040 |
_aDO-SdBNP _bspa _cBNPHU |
||
| 100 | 1 |
_aEscoto, Julio _916915 |
|
| 245 | 1 | 0 |
_aAntología de la poesía amorosa en Honduras / _cJulio Escoto. |
| 260 |
_aHonduras : _bBanco Central de Honduras, _c1975. |
||
| 300 |
_a204 p. ; _c22 cm. |
||
| 999 |
_c39542 _d39542 |
||